| 000 | 00648nam a22001931i 4500 | ||
|---|---|---|---|
| 001 | 000030490 | ||
| 003 | RuMoIPM | ||
| 005 | 20260506110435.0 | ||
| 008 | 130426s1963----ur | c rus | ||
| 040 |
_aRuMoIPM _brus _ercr |
||
| 041 | 0 | _arus | |
| 080 | _a51(091)(07) | ||
| 245 | 0 |
_a[Т.] 2 _cК. А. Рыбников |
|
| 260 | _c1963 | ||
| 300 |
_a334 с. _bил. |
||
| 504 | _aБиблиогр.: с. 319-323 | ||
| 773 | 1 | 8 |
_aРыбников, Константин Алексеевич _dМосква: Изд-во МГУ, 1960-1963 _tИстория математики: [учебное пособие для ун-тов] _w000030488 |
| 942 | _cBK | ||
| 999 |
_c30490 _d30490 |
||